000 01033cam a2200229 4500
001 WB4005-16
008 040203n2003 000 0 eng u
035 _a(Sirsi) u125001
245 _aGardiner and Theobald top QS firm for 2003
260 _c2003
490 _aBuilding
_v 30 January 2004, 20(1)
520 _aPublication of the annual Glenigan tables shows that Gardiner and Theobald are the top Quantity Surveyors for the year 2003. With the last year's top firm, Davis Langdon and Everest dropping to second place. Gardiner and Theobald won 52 contracts with a value of nearly £1.5bn, whilst DLE had more projects their value was less. The top contractors for the year were Bovis Land Lease, with Benoy being the top architecture firm and the Department of Health heading the top client listing.
590 _aWB
590 _aWB
650 _aQUANTITY SURVEYORS
650 _aRANKINGS
650 _aCONTRACTORS
650 _aCLIENTS
650 _aARCHITECTS
690 _aPROFESSIONAL PRACTICE
942 _n0
999 _c116986
_d116986